Diseño de túnel de viento para calibrar anemómetros según la norma IEC 61400-12-1:2005
Guardat en:
| Autor principal: | |
|---|---|
| Altres autors: | |
| Format: | Llibre |
| Idioma: | Spanish |
| Publicat: |
[San José], Costa Rica
2012
|
| Matèries: | |
| Etiquetes: |
Afegir etiqueta
Sense etiquetes, Sigues el primer a etiquetar aquest registre!
|
MARC
| LEADER | 00000nam a22000007a 4500 | ||
|---|---|---|---|
| 003 | 010788 | ||
| 005 | 20221231143927.0 | ||
| 008 | 151102b2012 cr a|||| |||| 00| 0 spa d | ||
| 040 | |c cru CEDI | ||
| 090 | |a TFG 6611 | ||
| 100 | |9 1935 |a Vargas Sequeira, Juan Carlos | ||
| 245 | |a Diseño de túnel de viento para calibrar anemómetros según la norma IEC 61400-12-1:2005 | ||
| 260 | |a [San José], Costa Rica |c 2012 | ||
| 500 | |a Tesis (licenciatura en ingeniería mecánica)--Universidad de Costa Rica. Facultad de Ingeniería. Escuela de Ingeniería Mecánica | ||
| 650 | |x TUNELES DE VIENTO - DISEÑO Y CONSTRUCCION |x TUNELES DE VIENTO - EQUIPO Y ACCESORIOS |x NORMAS TECNICAS |x ANEMOMETROS - CALIBRACION |x ANALISIS DE COSTOS |x INGENIERÍA Y SOLUCIONES S.A. (COSTA RICA) |9 1937 | ||
| 700 | |9 1936 |a Ramírez Gutiérrez, José Pablo | ||
| 942 | |c TFG | ||
| 999 | |c 14339 |d 14339 | ||
